000 00453nam a22001817a 4500
003 MPLRDC
005 20220104153101.0
008 210129b ||||| |||| 00| 0 eng d
020 _a978-7-5028-3114-1
082 _a563 YJY
100 _a于俊艳、纪永英、刘丽丽 编著
245 _a理财一本通
_c
250 _a一版二刷
260 _a中国
_b地震出版社
_c2007
300 _b334
650 _a理财
942 _cBK
_o563 YJY
999 _c53247
_d53237